River Syllable Acronyms - Statistics

General Stats
  • This quiz has been taken 32 times
  • The average score is 10 of 12
Answer Stats
Acronym River % Correct
MSSP Mississippi
100%
AAZ Amazon
97%
MK Mekong
91%
N Nile/Nun
91%
VG Volga
88%
ZBZ Zambezi
88%
GG Ganges/Ghaggar
84%
OR Orange
72%
EPT Euphrates
69%
ROG Rio Grande
66%
MKZ Mackenzie
59%
RBC Rubicon
59%
No matching quizzes found
Score Distribution
Percent of People with Each Score
Percentile by Number Answered
Your Score History
You have not taken this quiz